[Event "Olympiad-43"]
[Site "Batumi"]
[Date "2018.10.04"]
[Round "10.1"]
[White "De la Riva Aguado, Oscar"]
[Black "Elliott, Warren"]
[Result "1-0"]
[WhiteElo "2475"]
[BlackElo "2206"]
[PlyCount "51"]
[EventDate "2018.09.24"]
[EventType "team-swiss"]
[EventRounds "11"]
[EventCountry "GEO"]
[SourceTitle "CBM 187"]
[Source "ChessBase"]
[SourceDate "2018.12.11"]
[SourceVersion "1"]
[SourceVersionDate "2018.12.11"]
[SourceQuality "1"]
[WhiteTeam "Andorra"]
[BlackTeam "Jamaica"]
[WhiteTeamCountry "AND"]
[BlackTeamCountry "JAM"]

1. e4 c5 2. Nf3 Nc6 3. Bb5 d6 4. Bxc6+ bxc6 5. 0-0 Bg4 6. Re1 e5 7. h3 Bh5 8. c3 Nf6 9. d3 Be7 10. Nbd2 g5 11. Qa4 Qc8 12. d4 g4 13. hxg4 Nxg4 14. dxe5 dxe5 15. Nc4 Qe6 16. Ncxe5 Nxe5 17. Nxe5 Rc8 18. Nd3 Rg8 19. Nf4 Qg4 20. g3 Bh4 21. Nxh5 Qxh5 22. Bf4 Qf3 23. Qa6 Ke7 24. Qb7+ Ke6 25. Rad1 Be7 26. Qd7+ 1-0

[Event "Olympiad-43"]
[Site "Batumi"]
[Date "2018.09.28"]
[Round "5.85"]
[White "Mutabazi, Fidele"]
[Black "Elliott, Warren"]
[Result "0-1"]
[WhiteElo "1818"]
[BlackElo "2206"]
[PlyCount "80"]
[EventDate "2018.09.24"]
[EventType "team-swiss"]
[EventRounds "11"]
[EventCountry "GEO"]
[SourceTitle "CBM 187"]
[Source "ChessBase"]
[SourceDate "2018.12.11"]
[SourceVersion "1"]
[SourceVersionDate "2018.12.11"]
[SourceQuality "1"]
[WhiteTeam "Rwanda"]
[BlackTeam "Jamaica"]
[WhiteTeamCountry "RWA"]
[BlackTeamCountry "JAM"]

1. d4 d5 2. c4 e6 3. Nc3 f5 4. Nf3 Nf6 5. Bg5 Be7 6. e3 0-0 7. Be2 c6 8. 0-0 Nbd7 9. c5 h6 10. Bh4 g5 11. Bxg5 hxg5 12. Nxg5 Nb8 13. f4 Ne4 14. Ncxe4 dxe4 15. h4 Bxg5 16. hxg5 Kg7 17. Kf2 Rh8 18. Rh1 b6 19. b4 a5 20. a3 Rxh1 21. Qxh1 Qh8 22. Qxh8+ Kxh8 23. Rh1+ Kg7 24. cxb6 axb4 25. axb4 Ra2 26. Re1 Nd7 27. Kf1 Nxb6 28. Rc1 Nd5 29. b5 Nxe3+ 30. Kf2 Rc2 31. Rxc2 Nxc2 32. bxc6 Nxd4 33. Bc4 Nxc6 34. Ke3 Nb4 35. g3 Kf7 36. Be2 Ke7 37. Kd4 Ba6 38. Bd1 Nd5 39. Ke5 Nb4 40. Bh5 Nc6# 0-1

[Event "Olympiad-43"]
[Site "Batumi"]
[Date "2018.09.26"]
[Round "3.33"]
[White "Elliott, Warren"]
[Black "Atabayev, Maksat"]
[Result "0-1"]
[WhiteElo "2206"]
[BlackElo "2505"]
[PlyCount "82"]
[EventDate "2018.09.24"]
[EventType "team-swiss"]
[EventRounds "11"]
[EventCountry "GEO"]
[SourceTitle "CBM 187"]
[Source "ChessBase"]
[SourceDate "2018.12.11"]
[SourceVersion "1"]
[SourceVersionDate "2018.12.11"]
[SourceQuality "1"]
[WhiteTeam "Jamaica"]
[BlackTeam "Turkmenistan"]
[WhiteTeamCountry "JAM"]
[BlackTeamCountry "TKM"]

1. d4 Nf6 2. c4 e6 3. Nf3 b6 4. a3 Ba6 5. Qc2 c5 6. dxc5 Bxc5 7. b4 Be7 8. e4 d6 9. Bd3 Nbd7 10. Bb2 Rc8 11. Qe2 0-0 12. Nbd2 Ng4 13. Rc1 Bf6 14. Nd4 Nge5 15. f4 Nxd3+ 16. Qxd3 d5 17. e5 dxc4 18. Qe4 Bh4+ 19. g3 Qc7 20. gxh4 Bb7 21. Qe3 Bxh1 22. Nb5 Qd8 23. Nd6 Qxh4+ 24. Qf2 Qxf2+ 25. Kxf2 Rc6 26. N2xc4 Bd5 27. Ne3 Rxc1 28. Bxc1 Bc6 29. Bb2 f6 30. Ke2 fxe5 31. fxe5 a6 32. Bd4 Rf4 33. Kd3 Rh4 34. Nc8 Kf7 35. Nxb6 Bb5+ 36. Nbc4 Rxh2 37. Kc3 h5 38. Nd6+ Ke7 39. Kb3 Rd2 40. a4 Rd3+ 41. Kc2 Rxd4 0-1

[Event "Dayton Masters"]
[Site "Dayton"]
[Date "2017.07.21"]
[Round "7"]
[White "Elliott, Warren"]
[Black "Georgiev, Vladimir"]
[Result "0-1"]
[WhiteElo "2263"]
[BlackElo "2513"]
[PlyCount "125"]
[EventDate "2017.07.18"]
[EventType "tourn"]
[EventRounds "9"]
[EventCountry "USA"]
[EventCategory "5"]
[SourceTitle "CBM 179 Extra"]
[Source "ChessBase"]
[SourceDate "2017.08.23"]
[SourceVersion "1"]
[SourceVersionDate "2017.08.23"]
[SourceQuality "1"]

1. e4 e5 2. Nf3 Nc6 3. Bb5 a6 4. Ba4 Nf6 5. 0-0 b5 6. Bb3 Bc5 7. d3 0-0 8. Nc3 h6 9. a4 b4 10. Nd5 d6 11. Nxf6+ Qxf6 12. Bd5 Bb7 13. Be3 Ba7 14. a5 Nd8 15. Bxb7 Nxb7 16. Bxa7 Rxa7 17. Qe1 c5 18. Nd2 Nd8 19. Nc4 Ne6 20. Qd1 Rd8 21. Ne3 Nc7 22. Qg4 Qg5 23. b3 Ne6 24. Qxg5 hxg5 25. g3 g6 26. f3 Nd4 27. Rf2 f5 28. Nc4 Rh7 29. Kg2 Kf7 30. h3 Ke6 31. Rh1 Rdh8 32. Nb6 Rh6 33. Nd5 Kd7 34. Nb6+ Kc6 35. Nc4 R6h7 36. Nb6 g4 37. fxg4 fxg4 38. h4 g5 39. Rf6 gxh4 40. Rxh4 Nxc2 41. Nc4 Kc7 42. Nxd6 Ne1+ 43. Kf1 Rxh4 44. gxh4 Nxd3 45. Nf5 c4 46. bxc4 b3 47. Rb6 Rb8 48. Ne3 Rxb6 49. Nd5+ Kc6 50. axb6 b2 51. Nc3 Nc5 52. Kg2 Nxe4 53. Nb1 Kxb6 54. h5 Nf6 55. Kg3 Kc5 56. Nd2 Kd4 57. h6 Ne4+ 58. Kxg4 Nxd2 59. h7 b1Q 60. h8Q Qg6+ 61. Kh3 Ne4 62. Qd8+ Ke3 63. Qh4 0-1

[Event "Dayton Masters"]
[Site "Dayton"]
[Date "2017.07.19"]
[Round "3"]
[White "Elliott, Warren"]
[Black "Gauri, Shankar"]
[Result "1/2-1/2"]
[WhiteElo "2263"]
[BlackElo "2362"]
[PlyCount "60"]
[EventDate "2017.07.18"]
[EventType "tourn"]
[EventRounds "9"]
[EventCountry "USA"]
[EventCategory "5"]
[SourceTitle "CBM 179 Extra"]
[Source "ChessBase"]
[SourceDate "2017.08.23"]
[SourceVersion "1"]
[SourceVersionDate "2017.08.23"]
[SourceQuality "1"]

1. d4 Nf6 2. c4 e6 3. Nf3 b6 4. a3 Bb7 5. Nc3 d5 6. Bg5 Be7 7. cxd5 exd5 8. e3 0-0 9. Bd3 Nbd7 10. Qc2 c5 11. 0-0 Ne4 12. Bxe7 Qxe7 13. dxc5 bxc5 14. Bxe4 dxe4 15. Nd2 Ba6 16. Rfd1 Bd3 17. Qa4 Nf6 18. Rac1 Rab8 19. b3 Qb7 20. Qa5 Qb6 21. Qxb6 axb6 22. f3 Rfe8 23. Kf2 g6 24. Ndxe4 Bxe4 25. Nxe4 Nxe4+ 26. fxe4 Rxe4 27. Rd6 Kg7 28. Rc3 Re7 29. Rcd3 Ra7 30. a4 b5 1/2-1/2

[Event "Olympiad-42"]
[Site "Baku"]
[Date "2016.09.12"]
[Round "10.1"]
[White "Mabrouk, Fathi Ben Salah"]
[Black "Elliott, Warren"]
[Result "0-1"]
[WhiteElo "2145"]
[BlackElo "2238"]
[PlyCount "108"]
[EventDate "2016.09.02"]
[EventType "team-swiss"]
[EventRounds "11"]
[EventCountry "AZE"]
[SourceTitle "CBM 175"]
[Source "ChessBase"]
[SourceDate "2016.11.10"]
[SourceVersion "1"]
[SourceVersionDate "2016.11.10"]
[SourceQuality "1"]
[WhiteTeam "Tunisia"]
[BlackTeam "Jamaica"]
[WhiteTeamCountry "TUN"]
[BlackTeamCountry "JAM"]

1. d4 Nf6 2. c4 c5 3. d5 b5 4. cxb5 a6 5. bxa6 g6 6. Nc3 Bxa6 7. g3 d6 8. Bg2 Nbd7 9. Nh3 Bg7 10. 0-0 0-0 11. Qc2 Qa5 12. Bd2 Rfb8 13. Rfe1 c4 14. Rab1 Nc5 15. b4 cxb3 16. axb3 Qa3 17. b4 Rxb4 18. Rxb4 Qxb4 19. Ne4 Qb3 20. Qxb3 Nxb3 21. Nxf6+ Bxf6 22. Bg5 Bc3 23. Rb1 Bxe2 24. Nf4 Bc4 25. Bxe7 Be5 26. h4 Re8 27. Bg5 h6 28. Bxh6 Kh7 29. Bg5 f6 30. Ne6 fxg5 31. Nxg5+ Kg7 32. Ne6+ Kf6 33. f4 Bc3 34. g4 Ra8 35. Be4 Ra2 36. g5+ Kf7 37. h5 gxh5 38. f5 h4 39. Bf3 h3 40. Bh5+ Kg8 41. Bf3 h2+ 42. Kh1 Be5 43. f6 Rd2 44. Nc7 Rf2 45. Be4 Kf7 46. Ne6 Bxf6 47. gxf6 Kxf6 48. Nc7 Nd2 49. Re1 Nxe4 50. Rxe4 Be2 51. Ne8+ Kg5 52. Rxe2 Rxe2 53. Nxd6 Kf4 54. Nf7 Kg3 0-1

[Event "Olympiad-42"]
[Site "Baku"]
[Date "2016.09.05"]
[Round "4.1"]
[White "Elliott, Warren"]
[Black "Kigigha, Bomo"]
[Result "1-0"]
[WhiteElo "2238"]
[BlackElo "2340"]
[PlyCount "61"]
[EventDate "2016.09.02"]
[EventType "team-swiss"]
[EventRounds "11"]
[EventCountry "AZE"]
[SourceTitle "CBM 175"]
[Source "ChessBase"]
[SourceDate "2016.11.10"]
[SourceVersion "1"]
[SourceVersionDate "2016.11.10"]
[SourceQuality "1"]
[WhiteTeam "Jamaica"]
[BlackTeam "Nigeria"]
[WhiteTeamCountry "JAM"]
[BlackTeamCountry "NGR"]

1. d4 d5 2. c4 e6 3. Nc3 Nf6 4. cxd5 exd5 5. Bg5 Be7 6. e3 0-0 7. Bd3 c6 8. Qc2 Nbd7 9. Nf3 Re8 10. 0-0 Nf8 11. h3 Ne4 12. Bf4 f5 13. Ne5 Bg5 14. Bh2 Qf6 15. f4 Bh6 16. Bxe4 dxe4 17. g4 g6 18. g5 Bxg5 19. fxg5 Qxg5+ 20. Kf2 Qh6 21. Bf4 Qh4+ 22. Bg3 Qh6 23. h4 Qg7 24. Rg1 Ne6 25. Ne2 Qe7 26. Rh1 Ng7 27. Nf4 Be6 28. Rag1 Rad8 29. h5 g5 30. h6 Bf7 31. Bh4 1-0

[Event "Kingston Millionaire qual"]
[Site "Kingston"]
[Date "2015.08.09"]
[Round "5"]
[White "Elliott, Warren"]
[Black "Diedrick, Michael"]
[Result "1-0"]
[WhiteElo "2269"]
[BlackElo "1879"]
[PlyCount "107"]
[EventDate "2015.08.05"]
[EventType "swiss"]
[EventRounds "6"]
[EventCountry "JAM"]
[SourceTitle "EXT 2018"]
[Source "ChessBase"]
[SourceDate "2017.10.13"]
[SourceVersion "1"]
[SourceVersionDate "2017.10.13"]
[SourceQuality "1"]

1. d4 Nf6 2. Bg5 e6 3. e4 Be7 4. Nd2 0-0 5. Bd3 Ne8 6. Be3 f5 7. f3 b6 8. Qe2 Nc6 9. c3 fxe4 10. fxe4 Bh4+ 11. g3 Bg5 12. Ngf3 Bxe3 13. Qxe3 Bb7 14. 0-0-0 a6 15. Rhf1 b5 16. e5 g6 17. Qh6 Qe7 18. Ng5 Rxf1 19. Rxf1 Qg7 20. Qh4 Nd8 21. Nxh7 Nf7 22. Nf6+ Nxf6 23. Rxf6 Nh8 24. Qg5 Rf8 25. Rxf8+ Qxf8 26. Bxg6 Nxg6 27. Qxg6+ Kh8 28. Qh5+ Kg8 29. Qg5+ Kh8 30. Qf4 Qxf4 31. gxf4 Kg7 32. Nf1 Kg6 33. Ng3 d6 34. h4 dxe5 35. fxe5 Bd5 36. b3 a5 37. Kc2 a4 38. Kb2 axb3 39. axb3 Bf3 40. Ka3 Bd1 41. Kb4 c6 42. Ne4 Kh5 43. Nc5 Bg4 44. Ka5 Kxh4 45. Kb6 Bf3 46. Nxe6 Bd5 47. Nc5 Kg5 48. Kc7 Kf4 49. e6 Ke3 50. e7 Bf7 51. Kxc6 Be8+ 52. Kc7 Kd2 53. d5 Kxc3 54. d6 1-0

[Event "Kingston Millionaire qual"]
[Site "Kingston"]
[Date "2015.08.08"]
[Round "3"]
[White "Elliott, Warren"]
[Black "Lorne, Ras Malaku"]
[Result "0-1"]
[WhiteElo "2269"]
[BlackElo "2103"]
[PlyCount "109"]
[EventDate "2015.08.05"]
[EventType "swiss"]
[EventRounds "6"]
[EventCountry "JAM"]
[SourceTitle "EXT 2018"]
[Source "ChessBase"]
[SourceDate "2017.10.13"]
[SourceVersion "1"]
[SourceVersionDate "2017.10.13"]
[SourceQuality "1"]

1. e4 e5 2. Nf3 Nc6 3. d4 exd4 4. Bc4 Nf6 5. e5 d5 6. Bb5 Ne4 7. Nxd4 Bd7 8. Bxc6 bxc6 9. 0-0 Bc5 10. Be3 0-0 11. Nd2 Nxd2 12. Qxd2 Qe7 13. Nb3 Bb6 14. Qc3 Bxe3 15. Qxe3 f6 16. f4 Rfe8 17. Rae1 a5 18. c3 a4 19. Nc5 Ra5 20. e6 Bc8 21. Nd3 Qxe6 22. Qd4 Qf7 23. Qb4 Rb5 24. Qxa4 Bf5 25. Nb4 Be4 26. Rf2 Qd7 27. Rfe2 f5 28. Nd3 Reb8 29. Ne5 Qd6 30. b3 c5 31. c4 Rb4 32. Qd7 d4 33. Qf7+ Kh8 34. Qh5 Kg8 35. Qf7+ Kh8 36. Qh5 Kg8 37. Nd3 g6 38. Qh3 Bxd3 39. Qxd3 Qxf4 40. Re7 Rf8 41. Qh3 h6 42. Qd3 Rb6 43. Qe2 Rbf6 44. Rd7 Rd6 45. Rxc7 Qg5 46. Qe5 Qf6 47. Qxc5 d3 48. Ree7 Rfd8 49. Rg7+ Qxg7 50. Rxg7+ Kxg7 51. Qe5+ Kf7 52. c5 d2 53. cxd6 d1Q+ 54. Kf2 Rxd6 55. h3 0-1

[Event "JAM-ch"]
[Site "Kingston"]
[Date "2015.01.31"]
[Round "9"]
[White "Myers, Peter"]
[Black "Elliott, Warren"]
[Result "0-1"]
[WhiteElo "1984"]
[BlackElo "2240"]
[PlyCount "156"]
[EventDate "2015.01.17"]
[EventType "tourn"]
[EventRounds "11"]
[EventCountry "JAM"]
[SourceTitle "CBM 164 Extra"]
[Source "ChessBase"]
[SourceDate "2015.03.02"]
[SourceVersion "1"]
[SourceVersionDate "2015.03.02"]
[SourceQuality "1"]

1. d4 Nf6 2. Nf3 c5 3. e3 g6 4. g3 Bg7 5. Bg2 Qc7 6. 0-0 0-0 7. c3 d6 8. Nbd2 Nc6 9. Re1 e5 10. d5 Ne7 11. e4 Ne8 12. Rb1 h6 13. b4 b6 14. bxc5 bxc5 15. Nc4 f5 16. exf5 Bxf5 17. Rb3 Rb8 18. Nh4 Rxb3 19. axb3 Qd7 20. Ne3 Bh3 21. Qc2 Bxg2 22. Kxg2 Rf6 23. c4 g5 24. Nf3 Ng6 25. Nd2 Nf4+ 26. gxf4 gxf4 27. Ne4 Rg6+ 28. Ng3 Qf7 29. Qf5 Rf6 30. Qh5 fxg3 31. Qxf7+ Rxf7 32. hxg3 Rb7 33. Nf5 Rxb3 34. Bxh6 Bxh6 35. Nxh6+ Kh7 36. Nf5 Kg6 37. Ne3 Ra3 38. Rb1 Nf6 39. Rb8 Ne4 40. Rg8+ Kf7 41. Rg4 Nf6 42. Rh4 Kg6 43. Ng4 Nxg4 44. Rxg4+ Kf5 45. Rg7 e4 46. Re7 Ra4 47. g4+ Kf4 48. g5 Kxg5 49. Rxe4 Kf5 50. f3 a5 51. Kg3 Rb4 52. Rf4+ Kg5 53. Rg4+ Kf6 54. Rf4+ Kg5 55. Rg4+ Kf6 56. Rf4+ Ke7 57. Re4+ Kd7 58. f4 a4 59. Kg4 a3 60. Re1 Rxc4 61. Ra1 Ra4 62. Kg5 Ke7 63. f5 Kf7 64. Ra2 c4 65. Kf4 c3+ 66. Ke3 c2 67. Kd2 Rc4 68. Rxc2 Rxc2+ 69. Kxc2 Kf6 70. Kb3 Kxf5 71. Kxa3 Ke4 72. Kb2 Kxd5 73. Kc3 Ke4 74. Kd2 Kd4 75. Ke2 Kc3 76. Kd1 Kd3 77. Kc1 d5 78. Kd1 d4 0-1

[Event "JAM-ch"]
[Site "Kingston"]
[Date "2015.01.30"]
[Round "8"]
[White "Elliott, Warren"]
[Black "Lorne, Ras Malaku"]
[Result "1-0"]
[WhiteElo "2240"]
[BlackElo "2113"]
[PlyCount "71"]
[EventDate "2015.01.17"]
[EventType "tourn"]
[EventRounds "11"]
[EventCountry "JAM"]
[SourceTitle "CBM 164 Extra"]
[Source "ChessBase"]
[SourceDate "2015.03.02"]
[SourceVersion "1"]
[SourceVersionDate "2015.03.02"]
[SourceQuality "1"]

1. e4 e5 2. d4 exd4 3. Qxd4 Nc6 4. Qe3 Nf6 5. Nc3 Bb4 6. Bd2 0-0 7. 0-0-0 Re8 8. Qg3 Rxe4 9. a3 Rg4 10. Qe3 Ba5 11. f3 Rd4 12. Nge2 Nd5 13. Nxd5 Rxd5 14. Nc3 Re5 15. Qf4 d6 16. Bd3 Bd7 17. h4 Ne7 18. g4 Bc6 19. Bc4 Qf8 20. h5 b5 21. Ba2 h6 22. Rde1 Rxe1+ 23. Bxe1 Bd7 24. g5 hxg5 25. Qxg5 Be6 26. h6 Nf5 27. Ne4 Qe7 28. Qxe7 Nxe7 29. Bxa5 Bxa2 30. b3 Nc6 31. Bc3 f5 32. h7+ Kh8 33. Ng5 Rf8 34. Ne6 Rf7 35. Bxg7+ Rxg7 36. Nxg7 1-0

[Event "Olympiad-40"]
[Site "Istanbul"]
[Date "2012.09.07"]
[Round "10.1"]
[White "Ferster, Fabian"]
[Black "Elliott, Warren"]
[Result "0-1"]
[WhiteElo "2144"]
[BlackElo "2250"]
[PlyCount "46"]
[EventDate "2012.08.28"]
[EventType "team-swiss"]
[EventRounds "11"]
[EventCountry "TUR"]
[SourceTitle "CBM 151"]
[Source "ChessBase"]
[SourceDate "2012.11.13"]
[SourceVersion "1"]
[SourceVersionDate "2012.11.13"]
[SourceQuality "1"]
[WhiteTeam "Liechtenstein"]
[BlackTeam "Jamaica"]
[WhiteTeamCountry "LIE"]
[BlackTeamCountry "JAM"]

1. d4 d5 2. c4 e6 3. Nc3 c6 4. e4 Bb4 5. Bd2 dxc4 6. Nf3 b5 7. a4 a5 8. axb5 Bxc3 9. Bxc3 cxb5 10. b3 Bb7 11. d5 Nf6 12. Bxf6 Qxf6 13. bxc4 b4 14. Qa4+ Nd7 15. e5 Qg6 16. Be2 exd5 17. cxd5 Bxd5 18. 0-0 Bc6 19. Bb5 Bxf3 20. Bxd7+ Ke7 21. g3 Rhd8 22. e6 fxe6 23. Bxe6 Kxe6 0-1

[Event "Olympiad-40"]
[Site "Istanbul"]
[Date "2012.09.03"]
[Round "6.1"]
[White "Elliott, Warren"]
[Black "Zambrana, Oswaldo"]
[Result "0-1"]
[WhiteElo "2250"]
[BlackElo "2471"]
[PlyCount "78"]
[EventDate "2012.08.28"]
[EventType "team-swiss"]
[EventRounds "11"]
[EventCountry "TUR"]
[SourceTitle "CBM 151"]
[Source "ChessBase"]
[SourceDate "2012.11.13"]
[SourceVersion "1"]
[SourceVersionDate "2012.11.13"]
[SourceQuality "1"]
[WhiteTeam "Jamaica"]
[BlackTeam "Bolivia"]
[WhiteTeamCountry "JAM"]
[BlackTeamCountry "BOL"]

1. e4 c5 2. Nf3 Nc6 3. d4 cxd4 4. Nxd4 Nf6 5. Nc3 e5 6. Ndb5 d6 7. Bg5 a6 8. Na3 b5 9. Nd5 Be7 10. Bxf6 Bxf6 11. c4 b4 12. Nc2 a5 13. g3 0-0 14. h4 g6 15. Bh3 Be6 16. Kf1 Bg7 17. Kg2 f5 18. Qd3 Ra7 19. Rad1 Raf7 20. Qe2 Bc8 21. exf5 gxf5 22. f3 Kh8 23. Rhe1 Bh6 24. Qf2 Rg7 25. Kh2 Rfg8 26. Rg1 Rg6 27. b3 Ne7 28. Kh1 Nxd5 29. cxd5 Qe7 30. Rg2 Qg7 31. Rdg1 Qf7 32. Rd1 Bb7 33. g4 fxg4 34. fxg4 Rf6 35. Qe2 Bxd5 36. Rxd5 Rf1+ 37. Kh2 Qf4+ 38. Rg3 Rf2+ 39. Qxf2 Qxf2+ 0-1

[Event "Olympiad-40"]
[Site "Istanbul"]
[Date "2012.08.30"]
[Round "3.1"]
[White "Heiba, Mohamed"]
[Black "Elliott, Warren"]
[Result "1/2-1/2"]
[WhiteElo "1903"]
[BlackElo "2250"]
[PlyCount "156"]
[EventDate "2012.08.28"]
[EventType "team-swiss"]
[EventRounds "11"]
[EventCountry "TUR"]
[SourceTitle "CBM 151"]
[Source "ChessBase"]
[SourceDate "2012.11.13"]
[SourceVersion "1"]
[SourceVersionDate "2012.11.13"]
[SourceQuality "1"]
[WhiteTeam "Mauritania"]
[BlackTeam "Jamaica"]
[WhiteTeamCountry "MAU"]
[BlackTeamCountry "JAM"]

1. d4 d5 2. Nf3 c6 3. g3 Nf6 4. Bg2 Bf5 5. c4 e6 6. Nc3 h6 7. Qb3 Qb6 8. 0-0 Be7 9. c5 Qxb3 10. axb3 Na6 11. Bd2 0-0 12. Ne5 Rfc8 13. Ra3 Nc7 14. Rfa1 a6 15. f3 Rd8 16. g4 Bh7 17. Bf4 Nfe8 18. Rd1 f6 19. Nd3 e5 20. Be3 exd4 21. Bxd4 Ne6 22. Bf2 Bxd3 23. Rxd3 Nxc5 24. Rd2 Ne6 25. Ra1 Bb4 26. e3 Nc5 27. Rad1 Nxb3 28. Rd3 Nc5 29. Rd4 Bxc3 30. bxc3 Ne6 31. R4d2 Nd6 32. Bf1 Ng5 33. Kg2 Ngf7 34. e4 dxe4 35. Bb6 exf3+ 36. Kxf3 Rd7 37. Kg2 Rb8 38. c4 Nc8 39. Rxd7 Nxb6 40. Rc7 Ne5 41. Rb1 Nbxc4 42. Bxc4+ Nxc4 43. Rbxb7 Rxb7 44. Rxb7 Ne5 45. Kg3 c5 46. Ra7 c4 47. Rxa6 Kf7 48. Kf4 g6 49. h3 Nd3+ 50. Ke3 g5 51. Kd4 Ne5 52. Kd5 Kg6 53. Ra8 c3 54. Rc8 h5 55. gxh5+ Kxh5 56. Ke6 Ng6 57. Kxf6 c2 58. Rxc2 Nf4 59. Rc8 Nxh3 60. Kf5 Kh4 61. Rc4+ Kg3 62. Ra4 Kf3 63. Ra3+ Kg2 64. Kg4 Nf2+ 65. Kxg5 Nh3+ 66. Kh4 Nf2 67. Rb3 Ne4 68. Kg4 Nf2+ 69. Kf4 Nh3+ 70. Ke5 Nf2 71. Kd4 Ng4 72. Kc4 Nf2 73. Kb4 Ng4 74. Ka3 Ne5 75. Kb2 Nf3 76. Kc1 Kg3 77. Kd1 Kf4 78. Rb4+ Ke5 1/2-1/2

[Event "Olympiad-39"]
[Site "Khanty-Mansiysk"]
[Date "2010.10.03"]
[Round "11.1"]
[White "Elliott, Warren"]
[Black "Ranaivoharisoa, Alain"]
[Result "1-0"]
[WhiteElo "2254"]
[BlackElo "2153"]
[PlyCount "83"]
[EventDate "2010.09.21"]
[EventType "team-swiss"]
[EventRounds "11"]
[EventCountry "RUS"]
[SourceTitle "CBM 139"]
[Source "ChessBase"]
[SourceDate "2010.11.18"]
[SourceVersion "1"]
[SourceVersionDate "2010.11.18"]
[SourceQuality "1"]
[WhiteTeam "Jamaica"]
[BlackTeam "Madagascar"]
[WhiteTeamCountry "JAM"]
[BlackTeamCountry "MAD"]

1. e4 c5 2. Nf3 d6 3. d4 cxd4 4. Nxd4 Nf6 5. Nc3 a6 6. Bg5 e6 7. f4 Nc6 8. Qd2 h6 9. Bxf6 Qxf6 10. Nf3 Qd8 11. 0-0-0 Be7 12. h4 Qa5 13. Kb1 b5 14. g4 Bb7 15. Qe3 Rc8 16. Bg2 Qc7 17. a3 Na5 18. Rd3 Nc4 19. Qe2 Bf6 20. Nd1 Nxb2 21. Nxb2 Bxe4 22. Ne1 Bxd3 23. Nexd3 Qc3 24. g5 hxg5 25. fxg5 Bd4 26. g6 e5 27. gxf7+ Kf8 28. Bd5 Rc5 29. Bb3 a5 30. Qg4 Rc8 31. h5 Rh6 32. Rh2 a4 33. Be6 Rb8 34. Rg2 e4 35. Qxe4 b4 36. Bd7 Kxf7 37. Rg6 bxa3 38. Qe6+ Kf8 39. Qxd6+ Kg8 40. Qxb8+ Kh7 41. Rxh6+ gxh6 42. Qf8 1-0

[Event "Olympiad-39"]
[Site "Khanty-Mansiysk"]
[Date "2010.10.01"]
[Round "10.1"]
[White "Elliott, Warren"]
[Black "Harper, Ryan"]
[Result "1/2-1/2"]
[WhiteElo "2254"]
[BlackElo "2233"]
[PlyCount "52"]
[EventDate "2010.09.21"]
[EventType "team-swiss"]
[EventRounds "11"]
[EventCountry "RUS"]
[SourceTitle "CBM 139"]
[Source "ChessBase"]
[SourceDate "2010.11.18"]
[SourceVersion "1"]
[SourceVersionDate "2010.11.18"]
[SourceQuality "1"]
[WhiteTeam "Jamaica"]
[BlackTeam "Trinidad and Tobago"]
[WhiteTeamCountry "JAM"]
[BlackTeamCountry "TRI"]

1. e4 c5 2. Nf3 d6 3. d4 cxd4 4. Nxd4 Nf6 5. Nc3 Nc6 6. Bc4 Qb6 7. Nb3 e6 8. Be3 Qc7 9. Bd3 a6 10. f4 b5 11. Qf3 Bb7 12. a3 h5 13. h3 Be7 14. Qf2 Rc8 15. 0-0 Qb8 16. Rae1 b4 17. axb4 Nxb4 18. Na5 Nxd3 19. cxd3 Ba8 20. Nc4 Nxe4 21. Nxe4 Bxe4 22. Ba7 Qc7 23. Bb6 Qb8 24. Ba7 Qc7 25. Bb6 Qb8 26. Ba7 Qc7 1/2-1/2

[Event "Olympiad-39"]
[Site "Khanty-Mansiysk"]
[Date "2010.09.29"]
[Round "8.1"]
[White "Elliott, Warren"]
[Black "Nepali, Badrilal"]
[Result "1/2-1/2"]
[WhiteElo "2254"]
[BlackElo "2135"]
[PlyCount "137"]
[EventDate "2010.09.21"]
[EventType "team-swiss"]
[EventRounds "11"]
[EventCountry "RUS"]
[SourceTitle "CBM 139"]
[Source "ChessBase"]
[SourceDate "2010.11.18"]
[SourceVersion "1"]
[SourceVersionDate "2010.11.18"]
[SourceQuality "1"]
[WhiteTeam "Jamaica"]
[BlackTeam "Nepal"]
[WhiteTeamCountry "JAM"]
[BlackTeamCountry "NEP"]

1. e4 c5 2. Nf3 d6 3. d4 cxd4 4. Nxd4 Nf6 5. Nc3 a6 6. Bg5 e6 7. f4 Nbd7 8. Qe2 Qc7 9. 0-0-0 Be7 10. g4 b5 11. a3 Bb7 12. Bg2 Rc8 13. Bh4 Nb6 14. g5 Nfd7 15. f5 e5 16. Ne6 fxe6 17. Qh5+ Kd8 18. Qf7 exf5 19. Qxg7 Re8 20. exf5 Bxg2 21. f6 Qc4 22. fxe7+ Kc7 23. Rhg1 Bh3 24. Bg3 Bf5 25. Qh6 Bg6 26. h4 Qe6 27. h5 Bf5 28. Qxe6 Bxe6 29. Ne4 Rxe7 30. Nxd6 Rd8 31. g6 Nd5 32. Ne4 Nf4 33. Bh4 Ne2+ 34. Kb1 Nxg1 35. Bxe7 Re8 36. Bd6+ Kc6 37. Rxg1 hxg6 38. hxg6 Kd5 39. Re1 Bf5 40. Ng3 Bxg6 41. Bb4 Nc5 42. Rd1+ Kc6 43. Rh1 Ne6 44. Rh6 Nf4 45. Nf5 Re6 46. Ne7+ Kd7 47. Nxg6 Rxg6 48. Rxg6 Nxg6 49. Kc1 Ke6 50. Kd2 Kd5 51. Ke3 Nh4 52. c3 Nf5+ 53. Kf3 Ng7 54. b3 Ne6 55. Ke3 Nd8 56. Ba5 Nc6 57. Bb6 a5 58. Kd3 e4+ 59. Ke3 a4 60. bxa4 bxa4 61. c4+ Kxc4 62. Kxe4 Ne7 63. Bc7 Nd5 64. Bd6 Nc3+ 65. Ke3 Nb5 66. Bf8 Kb3 67. Kd3 Nxa3 68. Bxa3 Kxa3 69. Kc3 1/2-1/2

[Event "Olympiad-39"]
[Site "Khanty-Mansiysk"]
[Date "2010.09.21"]
[Round "1.1"]
[White "Hammer, Jon Ludvig"]
[Black "Elliott, Warren"]
[Result "1-0"]
[WhiteElo "2633"]
[BlackElo "2254"]
[PlyCount "97"]
[EventDate "2010.09.21"]
[EventType "team-swiss"]
[EventRounds "11"]
[EventCountry "RUS"]
[SourceTitle "CBM 139"]
[Source "ChessBase"]
[SourceDate "2010.11.18"]
[SourceVersion "1"]
[SourceVersionDate "2010.11.18"]
[SourceQuality "1"]
[WhiteTeam "Norway"]
[BlackTeam "Jamaica"]
[WhiteTeamCountry "NOR"]
[BlackTeamCountry "JAM"]

1. Nf3 e6 2. c4 f5 3. g3 Nf6 4. Bg2 Be7 5. 0-0 0-0 6. Nc3 d6 7. d4 a5 8. Re1 Ne4 9. Qc2 Nc6 10. Nxe4 Nb4 11. Qb1 fxe4 12. Qxe4 e5 13. g4 exd4 14. a3 Nc6 15. e3 dxe3 16. Bxe3 Bf6 17. Ng5 Bxg5 18. Qd5+ Be6 19. Bxg5 Bxd5 20. Bxd5+ Kh8 21. Bxd8 Raxd8 22. Bxc6 bxc6 23. Re7 Rf4 24. h3 Rxc4 25. Rae1 h6 26. Rxc7 Rc2 27. Ree7 Rf8 28. Rxg7 Rfxf2 29. Rge7 Kg8 30. Rxc6 Rg2+ 31. Kf1 Rxc6 32. Kxg2 Rc2+ 33. Kg3 Rxb2 34. Kh4 Rb3 35. a4 Rb4 36. Re6 d5 37. Rxh6 Rxa4 38. Rd6 Rd4 39. Kg5 Kf7 40. h4 a4 41. h5 a3 42. Ra6 Rd3 43. h6 Rb3 44. Ra7+ Kg8 45. Kg6 Rb6+ 46. Kh5 Rb3 47. g5 Rb8 48. h7+ Kh8 49. Kh6 1-0